[Event "LSS No Engine Cup 168 Preliminary 0"]
[Site "LSS email"]
[Date "2017.04.03"]
[Round "?"]
[White "Schoppe, Gottfried"]
[Black "Daigle, Sylvain"]
[Result "1/2-1/2"]
[WhiteElo "1254"]
[BlackElo "1600"]
[PlyCount "170"]
[EventDate "2017.04.04"]
[EventType "tourn (corr)"]
[EventRounds "6"]
[EventCountry "GER"]
[SourceTitle "Corr 2022"]
[Source "ChessBase"]
[SourceDate "2021.10.24"]
[SourceVersion "1"]
[SourceVersionDate "2021.10.24"]
[SourceQuality "1"]

1. e4 c5 2. Nf3 Nc6 3. d4 e6 4. d5 exd5 5. exd5 Nce7 6. c4 d6 7. Nc3 Nf6 8. Be2 Ng6 9. 0-0 Be7 10. b3 0-0 11. Re1 a6 12. Bb2 Bd7 13. Qc2 Qc8 14. Bd3 Re8 15. Ne4 Nxe4 16. Bxe4 f5 17. Bd3 Bf6 18. Rxe8+ Qxe8 19. Bxf6 gxf6 20. Bxf5 Bxf5 21. Qxf5 Kg7 22. Re1 Qf7 23. Re6 Rd8 24. Nd2 Nh4 25. Qg4+ Ng6 26. h4 Kf8 27. g3 Rd7 28. Ne4 f5 29. Qf3 fxe4 30. Qxe4 Ne5 31. Qe3 Qg7 32. Qh6 Qxh6 33. Rxh6 Kg7 34. Re6 h5 35. Kf1 b5 36. cxb5 axb5 37. Ke2 c4 38. bxc4 Nxc4 39. Kd3 Ne5+ 40. Ke4 Nc4 41. Kd4 Rf7 42. f4 Rf5 43. Ke4 Rf7 44. Kd4 Ra7 45. Re2 Ra3 46. Rg2 Kf6 47. g4 hxg4 48. Rxg4 Kf5 49. Rg2 Kxf4 50. Rh2 Kg3 51. Rh1 Kg2 52. Rb1 Rxa2 53. Rxb5 Ra4 54. Kc3 Ne5 55. Rb4 Ra8 56. Rb6 Rc8+ 57. Kb3 Rd8 58. h5 Kg3 59. h6 Nf7 60. h7 Rh8 61. Rc6 Rxh7 62. Kc3 Kf4 63. Kd4 Kf5 64. Rc7 Kf6 65. Ra7 Rh4+ 66. Ke3 Ne5 67. Ra6 Ke7 68. Ra7+ Kf6 69. Ra6 Nc4+ 70. Kd3 Ke5 71. Kc3 Kxd5 72. Ra4 Kc5 73. Ra7 Rh3+ 74. Kc2 Kb6 75. Ra8 d5 76. Rd8 Kc5 77. Rc8+ Kd4 78. Rd8 Rh2+ 79. Kb3 Rb2+ 80. Ka4 Ke4 81. Re8+ Kd3 82. Rc8 d4 83. Rh8 Kc3 84. Rh3+ d3 85. Rxd3+ Kxd3 1/2-1/2

[Event "OP-2016-0-04148"]
[Site "LSS email"]
[Date "2016.09.05"]
[Round "?"]
[White "Pliska, Miroslav"]
[Black "Daigle, Sylvain"]
[Result "1-0"]
[WhiteElo "1174"]
[BlackElo "1438"]
[PlyCount "31"]
[EventDate "2016.08.31"]
[EventType "tourn (corr)"]
[EventRounds "4"]
[EventCountry "GER"]
[SourceTitle "Corr 2022"]
[Source "ChessBase"]
[SourceDate "2021.10.24"]
[SourceVersion "1"]
[SourceVersionDate "2021.10.24"]
[SourceQuality "1"]

1. f4 Nf6 2. Nf3 c5 3. e3 d5 4. b3 Bg4 5. Bb5+ Nc6 6. 0-0 Bxf3 7. Qxf3 e6 8. Bxc6+ bxc6 9. Bb2 Be7 10. d3 Qb6 11. Nd2 0-0 12. Qg3 Rfd8 13. Rf3 a5 14. e4 dxe4 15. Nxe4 Nxe4 16. Qxg7# 1-0

[Event "OP-2016-0-04148"]
[Site "LSS email"]
[Date "2016.09.05"]
[Round "?"]
[White "Vontina, Maria"]
[Black "Daigle, Sylvain"]
[Result "0-1"]
[WhiteElo "766"]
[BlackElo "1438"]
[PlyCount "92"]
[EventDate "2016.08.31"]
[EventType "tourn (corr)"]
[EventRounds "4"]
[EventCountry "GER"]
[SourceTitle "Corr 2022"]
[Source "ChessBase"]
[SourceDate "2021.10.24"]
[SourceVersion "1"]
[SourceVersionDate "2021.10.24"]
[SourceQuality "1"]

1. e4 c5 2. Nf3 Nc6 3. d4 cxd4 4. Nxd4 e5 5. Nb5 a6 6. Nd6+ Bxd6 7. Nc3 Bb4 8. Qd3 Nf6 9. Bg5 0-0 10. 0-0-0 Bxc3 11. bxc3 Qe7 12. h3 Rd8 13. Kb2 Qe6 14. Qd6 Nxe4 15. Qxe6 fxe6 16. Bxd8 Nxd8 17. Rg1 Nxf2 18. Re1 d6 19. Be2 Ne4 20. Bf3 Nf6 21. Rd1 d5 22. Be2 Nc6 23. g4 g5 24. Rgf1 Kg7 25. Rf2 Bd7 26. Rdf1 Rf8 27. Bd3 e4 28. Be2 h6 29. Kb3 Nh7 30. c4 Rxf2 31. Rxf2 Nd4+ 32. Kc3 Nxe2+ 33. Rxe2 Nf6 34. cxd5 exd5 35. Kd4 Bc6 36. c4 Kf7 37. cxd5 Bxd5 38. a4 Ke6 39. a5 Kd6 40. Rf2 Ke6 41. Rf5 Bc6 42. Rc5 Kd6 43. Rf5 Nd7 44. Rf1 Ke6 45. Rh1 Ne5 46. Re1 Nf3+ 0-1

[Event "SC-2016-0-00291"]
[Site "LSS email"]
[Date "2016.06.13"]
[Round "?"]
[White "Daigle, Sylvain"]
[Black "Thomae, Eberhard"]
[Result "0-1"]
[WhiteElo "1600"]
[BlackElo "1807"]
[PlyCount "68"]
[EventDate "2016.04.04"]
[EventType "tourn (corr)"]
[EventRounds "6"]
[EventCountry "GER"]
[SourceTitle "Corr 2022"]
[Source "ChessBase"]
[SourceDate "2021.10.24"]
[SourceVersion "1"]
[SourceVersionDate "2021.10.24"]
[SourceQuality "1"]

1. d4 Nf6 2. c4 e6 3. Nc3 Bb4 4. Bg5 h6 5. Bxf6 Qxf6 6. e3 b6 7. a3 Bxc3+ 8. bxc3 Bb7 9. Nf3 0-0 10. Bd3 c5 11. 0-0 d6 12. Rb1 cxd4 13. cxd4 e5 14. d5 Nd7 15. e4 Nc5 16. Re1 Rac8 17. Qe2 Rc7 18. Bc2 Bc8 19. h3 Bd7 20. Rb2 Qf4 21. Qe3 Qxe3 22. Rxe3 g6 23. g4 f5 24. exf5 gxf5 25. g5 e4 26. Nd4 hxg5 27. Rg3 Kf7 28. Rxg5 Kf6 29. Rg2 Rh8 30. Kh2 f4 31. Bd1 Bxh3 32. f3 Bxg2+ 33. Kxg2 Rg7+ 34. Kf1 Rh1+ 0-1

[Event "SC-2016-0-00291"]
[Site "LSS email"]
[Date "2016.06.12"]
[Round "?"]
[White "Daigle, Sylvain"]
[Black "Herzog, Agnes"]
[Result "0-1"]
[WhiteElo "1600"]
[BlackElo "1701"]
[PlyCount "84"]
[EventDate "2016.04.04"]
[EventType "tourn (corr)"]
[EventRounds "6"]
[EventCountry "GER"]
[SourceTitle "Corr 2022"]
[Source "ChessBase"]
[SourceDate "2021.10.24"]
[SourceVersion "1"]
[SourceVersionDate "2021.10.24"]
[SourceQuality "1"]

1. d4 f5 2. c4 Nf6 3. Nc3 g6 4. Nf3 Bg7 5. Bf4 d6 6. e3 0-0 7. Be2 Ne4 8. Nxe4 fxe4 9. Nd2 Bxd4 10. exd4 Rxf4 11. 0-0 e5 12. d5 a5 13. g3 Rf7 14. Nxe4 Bf5 15. f3 Bxe4 16. fxe4 Rxf1+ 17. Qxf1 Qg5 18. Qc1 Qxc1+ 19. Rxc1 Na6 20. b3 a4 21. Ra1 Nc5 22. bxa4 Rxa4 23. Kg2 Nxe4 24. a3 Kg7 25. Bd3 Nd2 26. Ra2 Nxc4 27. Bxc4 Rxc4 28. a4 Rc5 29. a5 Rxd5 30. a6 bxa6 31. Rxa6 Kf6 32. Ra7 c5 33. Rxh7 c4 34. Rc7 Rc5 35. Rxc5 dxc5 36. Kf2 c3 37. Ke2 e4 38. h4 Kf5 39. Kd1 Kg4 40. Kc2 Kxg3 41. Kxc3 e3 42. Kd3 Kf2 0-1

[Event "SC-2016-0-00291"]
[Site "LSS email"]
[Date "2016.06.12"]
[Round "?"]
[White "Linart, Ludvik"]
[Black "Daigle, Sylvain"]
[Result "1-0"]
[WhiteElo "1600"]
[BlackElo "1600"]
[PlyCount "65"]
[EventDate "2016.04.04"]
[EventType "tourn (corr)"]
[EventRounds "6"]
[EventCountry "GER"]
[SourceTitle "Corr 2022"]
[Source "ChessBase"]
[SourceDate "2021.10.24"]
[SourceVersion "1"]
[SourceVersionDate "2021.10.24"]
[SourceQuality "1"]

1. d4 f5 2. Nf3 Nf6 3. e3 b6 4. c4 Bb7 5. a3 g6 6. Nc3 Bg7 7. b4 0-0 8. Be2 d6 9. Ng5 Qd7 10. Bb2 Bxg2 11. Rg1 Bb7 12. d5 c6 13. Ne6 Re8 14. Bd3 cxd5 15. Bxf5 Bc8 16. Nxg7 Kxg7 17. Bxd7 Nbxd7 18. Nxd5 Rb8 19. h4 Ne5 20. Nxe7 Rxe7 21. Qxd6 Rbb7 22. Bxe5 Rxe5 23. Qxe5 Bf5 24. Qxf5 Kf7 25. 0-0-0 gxf5 26. Rg5 Ke6 27. f4 Ne4 28. Rh5 Nf6 29. Rh6 Kf7 30. Rd6 Ne4 31. Rxh7+ Ke8 32. Re6+ Kd8 33. Rxb7 1-0